Julius Caesar Franchise - Statistics

General Stats
  • This quiz has been taken 7 times
  • The average score is 7 of 16
Answer Stats
Type Year Name Info % Correct
Overture 1851 Julius Caesar Robert Schumann
100%
Film 1914 Julius Caesar Societá Italiana Cines
100%
Film 1950 Julius Caesar Brandon Films
100%
Film 1953 Julius Caesar MGM
100%
Film 1970 Julius Caesar Commonwealth United Entertainment / American International Pictures
100%
Play 1599 The Tragedy of Julius Caesar William Shakespeare
100%
Play 1937 Caesar Orson Welles
80%
Film 2012 Caesar Must Die Sacher Distribuzione
0%
Play 2007 Dead Caesar Chris Taylor
0%
Opera 1959 Die Ermordung Cäsars Giselher Klebe
0%
Opera 1788 La Morte di Cesare Francesco Bianchi
0%
Play 2007 Roman Tragedies Toneelgroep Amsterdam
0%
Short Film 1907 Shakespeare Writing "Julius Caesar" Star Film Company
0%
Painting 1888 The Assassination of Julius Caesar William Holmes Sullivan
0%
TV Mini-Series 1963 The Spread of the Eagle BBC
0%
Film 2016 Zulfiqar Shree Venkatesh Films
0%
No matching quizzes found
Score Distribution
Percent of People with Each Score
Percentile by Number Answered
Your Score History
You have not taken this quiz